[Event "Druzynowe Mistrzostwa Polski - II liga"]
[Site "Dom Wczasowy VIS Jastrzebia Gora"]
[Date "1899-12-30"]
[Round "2.34"]
[White "Gawronski, Miroslaw"]
[Black "Okrucinski, Tadeusz"]
[Result "0-1"]
[WhiteTitle "m"]
[BlackTitle "FM"]
[WhiteElo "1966"]
[BlackElo "2182"]

1. d4 Nf6 2. c4 c5 3. d5 e6 4. Nc3 exd5 5. cxd5 d6 6. Nf3 g6 7. Nd2 Bg7 8. Nc4
O-O 9. Bf4 Na6 10. h4 b5 11. Nxb5 Nb4 12. Nc3 Bf5 13. Ne3 Ne4 14. Nxf5 gxf5 15.
Rh3 Bd4 16. e3 Nxc3 17. bxc3 Bxc3+ 18. Ke2 Re8 19. Rg3+ Kh8 20. a3 Qxh4 21. Bxd6
Qc4+ 22. Kf3 Qe4+ 23. Ke2 Qc4+ 24. Kf3 Qe4+ 25. Ke2 Nxd5 26. Qb1 Qc4+ 27. Kf3
Qe4+ 28. Ke2 Rad8 29. Qxe4 fxe4 30. Rc1 Rxd6 31. Rg5 Bb2 32. Ra1 0-1

[Event "Druzynowe Mistrzostwa Polski - II liga"]
[Site "Dom Wczasowy VIS Jastrzebia Gora"]
[Date "1899-12-30"]
[Round "2.35"]
[White "Kindler, Przemyslaw"]
[Black "Wypych, Dominik"]
[Result "1-0"]
[WhiteTitle "k"]
[BlackTitle "k"]
[WhiteElo "1969"]
[BlackElo "1997"]

1. e4 c6 2. d4 d5 3. Nc3 dxe4 4. Nxe4 Nf6 5. Ng3 e5 6. Qe2 Qxd4 7. Nf3 Bb4+ 8.
c3 Bxc3+ 9. bxc3 Qxc3+ 10. Qd2 Qxa1 11. Bc4 Nd5 12. Bxd5 cxd5 13. O-O Qb1 14.
Ba3 Qb6 15. Nxe5 f6 16. Qxd5 Be6 17. Qf3 fxe5 18. Qh5+ g6 19. Qxe5 Rg8 20. Ne4
Nd7 21. Nd6+ Kd8 22. Qxe6 Rf8 23. Nf7+ Rxf7 24. Qxf7 Rc8 25. Be7+ Kc7 26. Qf4+
Kc6 27. Qd6+ Kb5 28. Rb1+ Ka5 29. Qa3# 1-0

[Event "Druzynowe Mistrzostwa Polski - II liga"]
[Site "Dom Wczasowy VIS Jastrzebia Gora"]
[Date "1899-12-30"]
[Round "2.36"]
[White "Szczypawka, Aleksandra"]
[Black "Wilk, Oktawia"]
[Result "1-0"]
[WhiteTitle "I++"]
[BlackTitle "I++"]
[WhiteElo "1741"]
[BlackElo "1821"]

1. d4 d5 2. c4 e6 3. Nc3 Nf6 4. cxd5 exd5 5. Bg5 Be7 6. e3 O-O 7. Bd3 h6 8. Bh4
Re8 9. Nge2 c6 10. O-O Nbd7 11. a3 Nf8 12. Qc2 Bg4 13. f3 Bd7 14. b4 a6 15. Rae1
a5 16. Rb1 axb4 17. axb4 N6h7 18. Bxe7 Qxe7 19. e4 dxe4 20. fxe4 Ng5 21. Ng3 Qd6
22. Nce2 Bg4 23. b5 Nfe6 24. Qc4 Rad8 25. bxc6 bxc6 26. h4 Nh7 27. Rb7 Rf8 28.
e5 Qa3 29. Qc2 Bxe2 30. Bxh7+ Kh8 31. Nxe2 Qe3+ 32. Rf2 g6 33. Rb3 Nxd4 34. Rxe3
Nxc2 35. Rc3 Nb4 36. e6 Kxh7 37. e7 Rd1+ 38. Kh2 Re8 39. Rxf7+ Kg8 40. Rcf3 1-0

[Event "Druzynowe Mistrzostwa Polski - II liga"]
[Site "Dom Wczasowy VIS Jastrzebia Gora"]
[Date "1899-12-30"]
[Round "2.37"]
[White "Maj, Pawel"]
[Black "Lewtak, Damian"]
[Result "1/2-1/2"]
[WhiteTitle "k"]
[BlackTitle "IM"]
[WhiteElo "2188"]
[BlackElo "2386"]

1. c4 e5 2. d3 Bb4+ 3. Nd2 Nf6 4. Ngf3 Nc6 5. a3 Bxd2+ 6. Bxd2 e4 7. dxe4 Nxe4
8. e3 Nxd2 9. Qxd2 d6 10. Be2 a5 11. O-O a4 12. Nd4 Nxd4 13. Qxd4 Qf6 14. Qxf6
gxf6 15. Rfd1 Be6 16. Bf3 Ra7 17. Rac1 b6 18. Rd4 Ra5 19. Bc6+ Ke7 20. Rc3 Bd7
21. Bxd7 Kxd7 22. Rh4 h5 23. g3 Re5 1/2-1/2

[Event "Druzynowe Mistrzostwa Polski - II liga"]
[Site "Dom Wczasowy VIS Jastrzebia Gora"]
[Date "1899-12-30"]
[Round "2.38"]
[White "Kumala, Aleksander"]
[Black "Liberadzki, Slawomir"]
[Result "1-0"]
[WhiteTitle "CM"]
[BlackTitle "k"]
[WhiteElo "2175"]
[BlackElo "2015"]

1. d4 d5 2. Bg5 f6 3. Bd2 Nc6 4. c4 dxc4 5. e3 e5 6. Bxc4 exd4 7. Qb3 Nh6 8. Nf3
dxe3 9. Bxe3 Na5 10. Qa4+ c6 11. Be2 b5 12. Bxb5 Rb8 13. Bxc6+ Nxc6 14. Qxc6+
Bd7 15. Qd5 Bf5 16. Qxd8+ Kxd8 17. Nc3 Rxb2 18. O-O-O 1-0

[Event "Druzynowe Mistrzostwa Polski - II liga"]
[Site "Dom Wczasowy VIS Jastrzebia Gora"]
[Date "1899-12-30"]
[Round "2.39"]
[White "Kuma, Boguslaw"]
[Black "Cajbel, Maciej"]
[Result "1/2-1/2"]
[WhiteTitle "k"]
[BlackTitle "k"]
[WhiteElo "2132"]
[BlackElo "2196"]

1. e4 c5 2. Nf3 Nc6 3. d4 cxd4 4. Nxd4 g6 5. Be3 Bg7 6. c4 Nf6 7. Nc3 d6 8. Be2
O-O 9. Qd2 Nxd4 10. Bxd4 Be6 11. b3 Qa5 12. f3 Rfc8 13. Rd1 a6 14. Bxf6 Bxf6 15.
Nd5 Qxd2+ 16. Kxd2 Bxd5 17. exd5 b5 18. f4 b4 19. Bd3 a5 20. Bc2 a4 21. Kd3 axb3
22. Bxb3 h5 23. Rde1 Kg7 24. Re2 Re8 25. g3 Ra7 26. Rf1 1/2-1/2

[Event "Druzynowe Mistrzostwa Polski - II liga"]
[Site "Dom Wczasowy VIS Jastrzebia Gora"]
[Date "1899-12-30"]
[Round "2.40"]
[White "Kasperek, Ryszard"]
[Black "Sielicki, Tomasz"]
[Result "1/2-1/2"]
[WhiteTitle "m"]
[BlackTitle "I++"]
[WhiteElo "2083"]
[BlackElo "1965"]

1. e4 c6 2. d4 d5 3. e5 c5 4. dxc5 e6 5. a3 Bxc5 6. b4 Bb6 7. Nf3 Ne7 8. Bd3 Ng6
9. O-O Nc6 10. Re1 O-O 11. Bb2 f6 12. exf6 gxf6 13. Bxg6 hxg6 14. Qd3 Kf7 15.
c4 dxc4 16. Qxc4 Bd7 17. Nc3 Rc8 18. Ne4 Kg7 19. Rad1 Nd4 20. Qd3 Bb5 21. Nxd4
Bxd3 22. Nxe6+ Kh6 23. Nxd8 Bxe4 24. Ne6 Bc2 25. Nxf8 Bxd1 26. Rxd1 Rxf8 27. g3
Rd8 28. Rxd8 Bxd8 29. f3 g5 30. g4 Kg6 31. Kf2 f5 32. h3 f4 33. Ke2 Kf7 34. Kd3
Ke6 35. Ke4 b5 36. Be5 a5 37. bxa5 Bxa5 38. h4 gxh4 39. Bxf4 Bc3 40. Bh2 Bb2 41.
f4 Bxa3 42. g5 Be7 43. f5+ Kf7 1/2-1/2

[Event "Druzynowe Mistrzostwa Polski - II liga"]
[Site "Dom Wczasowy VIS Jastrzebia Gora"]
[Date "1899-12-30"]
[Round "2.41"]
[White "Pajak, Jakub"]
[Black "Zurkowski, Andrzej"]
[Result "1/2-1/2"]
[WhiteTitle "I++"]
[BlackTitle "k+"]
[WhiteElo "1896"]
[BlackElo "2021"]

1. e4 c5 2. Nf3 e6 3. d4 cxd4 4. Nxd4 Nf6 5. Nc3 d6 6. Be3 a6 7. a4 Be7 8. Be2
O-O 9. O-O e5 10. Nb3 Be6 11. f3 d5 12. exd5 1/2-1/2

[Event "Druzynowe Mistrzostwa Polski - II liga"]
[Site "Dom Wczasowy VIS Jastrzebia Gora"]
[Date "1899-12-30"]
[Round "2.43"]
[White "Janeczko, Jakub"]
[Black "Kaczmarek, Aleksander"]
[Result "1-0"]
[WhiteTitle "I++"]
[BlackTitle "FM"]
[WhiteElo "2159"]
[BlackElo "2323"]

1. e4 c6 2. Nc3 d5 3. Nf3 Bg4 4. h3 Bxf3 5. Qxf3 e6 6. Be2 Bc5 7. O-O Ne7 8. d3
Nd7 9. h4 d4 10. Nb1 Bd6 11. Nd2 Bc7 12. Qh3 e5 13. Nf3 c5 14. h5 h6 15. Qg4 Rg8
16. Nh4 Nf6 17. Qf3 Qd6 18. b4 cxb4 19. a3 a5 20. axb4 Qxb4 21. Ba3 Qb6 22. Rfb1
Qc6 23. c4 b6 24. Bd1 Nd7 25. Rb5 Bd6 26. Ba4 Bxa3 27. Rxa3 Qc7 28. c5 Kf8 29.
Bb3 Nf6 30. Ra4 bxc5 31. Bc4 Rh8 32. Qd1 g5 33. hxg6 fxg6 34. Qb3 Kg7 35. Rb7
Qd6 36. Qb6 Ne8 37. Qxd6 Nxd6 38. Rxe7+ Kf6 39. Re6+ Kg5 40. Nf3+ 1-0

[Event "Druzynowe Mistrzostwa Polski - II liga"]
[Site "Dom Wczasowy VIS Jastrzebia Gora"]
[Date "1899-12-30"]
[Round "2.44"]
[White "Kolodziejski, Piotr"]
[Black "Dalkowski, Rafal"]
[Result "1-0"]
[WhiteTitle "k"]
[BlackTitle "k"]
[WhiteElo "2057"]
[BlackElo "2033"]

1. e4 c6 2. Nf3 d5 3. d3 Bg4 4. h3 Bxf3 5. Qxf3 e6 6. g3 Nf6 7. Bg2 Nbd7 8. O-O
Be7 9. Qe2 Qc7 10. Nd2 b5 11. Re1 d4 12. e5 Nd5 13. Nb3 Bb4 14. Bd2 Bxd2 15. Qxd2
Qb6 16. Bxd5 cxd5 17. Qb4 a5 18. Qxd4 Qc7 19. Rac1 O-O 20. c4 dxc4 21. dxc4 bxc4
22. Rxc4 Qb7 23. Qc3 a4 24. Nd4 Nb6 25. Rc7 Qd5 26. Qc5 Rab8 27. Rc1 Qxc5 28.
R1xc5 Nd5 29. Ra7 Rxb2 30. Rxa4 h5 31. h4 Nb6 32. Raa5 Rd8 33. Nf3 Rd3 34. Ng5
g6 35. Rab5 Rxb5 36. Rxb5 Nc4 37. Rc5 Nd2 38. Kg2 Rd7 39. a4 Ra7 40. Rc3 Kf8 41.
Rc2 Nb3 42. f4 Nd4 43. Rc4 Nf5 44. Kf3 Rb7 45. Rc8+ Kg7 46. Rc3 Ra7 47. Ra3 Nd4+
48. Kf2 Rb7 49. Ra2 Nc6 50. Ne4 Nb4 51. Nd6 Ra7 52. Ra3 Nc2 53. Rc3 Nb4 54. Ra3
Nc2 55. Rb3 Nd4 56. Rb4 Nc6 57. Rb7 Rxa4 58. Rxf7+ Kh6 59. Ne8 Ra2+ 60. Kf1 Nd4
61. Nf6 g5 62. hxg5+ Kg6 63. Rd7 Nf3 64. Rd3 Nxe5 65. fxe5 Kxg5 66. Rd4 Rh2 67.
Re4 h4 68. Rxh4 Rxh4 69. gxh4+ 1-0

[Event "Druzynowe Mistrzostwa Polski - II liga"]
[Site "Dom Wczasowy VIS Jastrzebia Gora"]
[Date "1899-12-30"]
[Round "2.45"]
[White "Zdybel, Przemyslaw"]
[Black "Kejna, Piotr"]
[Result "1-0"]
[WhiteTitle "I++"]
[BlackTitle "CM"]
[WhiteElo "2002"]
[BlackElo "1965"]

1. e4 c5 2. Nc3 Nc6 3. g3 g6 4. Bg2 Bg7 5. d3 d6 6. Be3 e5 7. Qd2 Nge7 8. f4 O-O
9. Nf3 Nd4 10. O-O b5 11. Nh4 Rb8 12. Nd1 f5 13. fxe5 dxe5 14. Bg5 Bf6 15. Bh6
Rf7 16. c3 Bxh4 17. cxd4 Qxd4+ 18. Be3 Bg5 19. Bxd4 Bxd2 20. Bxc5 Be6 21. Nf2
Nc8 22. exf5 gxf5 23. Rfd1 Ba5 24. Nh3 Rd7 25. b4 Bb6 26. Re1 Bc7 27. d4 e4 28.
g4 fxg4 29. Ng5 Bd5 30. Nxe4 Bxe4 31. Rxe4 h5 32. Re8+ Kg7 33. Rae1 Nb6 34. R8e7+
Kg8 35. Bc6 Rxe7 36. Rxe7 Bf4 37. Rxa7 Nc4 38. a4 bxa4 39. Bd5+ Kh8 40. Bxc4 Re8
41. Re7 Rxe7 42. Bxe7 Be3+ 43. Kg2 Bxd4 44. Bc5 Be5 45. b5 Bb8 46. b6 Kg7 47.
Be7 h4 48. Bxh4 Kf8 49. Bg3 1-0

[Event "Druzynowe Mistrzostwa Polski - II liga"]
[Site "Dom Wczasowy VIS Jastrzebia Gora"]
[Date "1899-12-30"]
[Round "2.46"]
[White "Kowalak, Piotr"]
[Black "Pancewicz, Szymon"]
[Result "0-1"]
[WhiteTitle "k"]
[BlackTitle "I+"]
[WhiteElo "2029"]
[BlackElo "1850"]

1. e4 c5 2. Nf3 e6 3. d4 cxd4 4. Nxd4 Nc6 5. Nc3 Qc7 6. g3 a6 7. Bg2 Nf6 8. O-O
Nxd4 9. Qxd4 Bc5 10. Bf4 d6 11. Qd2 h6 12. Rad1 e5 13. Be3 Ke7 14. Bxc5 Qxc5 15.
h3 Be6 16. Kh2 Rhd8 17. Nd5+ Bxd5 18. exd5 Rac8 19. c3 Kf8 20. g4 Qc4 21. a3 Re8
22. Rfe1 b5 23. Kg1 Rc5 24. Re3 e4 25. Qe1 Rxd5 26. Rd2 Rxd2 27. Qxd2 d5 28. Re1
a5 29. Rd1 Qc5 30. Qd4 Rc8 31. Bf1 Qxd4 32. Rxd4 Rb8 33. Be2 Ke7 34. f3 Ke6 35.
Kf2 Ke5 36. Ke3 Rb7 37. Bd1 exf3 38. Bxf3 Kd6 39. Kf4 Kc5 40. h4 Rd7 41. g5 hxg5+
42. hxg5 Ne8 43. Bg4 Re7 44. Bf3 Nc7 45. Rd2 Re1 46. Bg2 Ne6+ 47. Kf5 d4 48. cxd4+
Nxd4+ 49. Kf4 Re2 50. Rxe2 Nxe2+ 51. Ke5 Nd4 52. Be4 Nb3 53. Bd5 f6+ 54. gxf6
gxf6+ 55. Ke4 Nd2+ 0-1

[Event "Druzynowe Mistrzostwa Polski - II liga"]
[Site "Dom Wczasowy VIS Jastrzebia Gora"]
[Date "1899-12-30"]
[Round "2.47"]
[White "Suska, Szymon"]
[Black "Komendecki, Antoni"]
[Result "1/2-1/2"]
[WhiteTitle "I"]
[BlackTitle "I++"]
[WhiteElo "1777"]
[BlackElo "1768"]

1. e4 c5 2. Nf3 d6 3. Bb5+ Bd7 4. Bxd7+ Qxd7 5. O-O g6 6. d4 cxd4 7. Qxd4 Nf6 8.
Nc3 Nc6 9. Qd3 Bg7 10. Bg5 h6 11. Bf4 O-O 12. Rad1 Rfd8 13. h3 Qc7 14. Rfe1 Rac8
15. Qe3 Kh7 16. e5 dxe5 17. Nxe5 Nxe5 18. Bxe5 Qa5 19. Rd4 Rxd4 20. Qxd4 a6 21.
Rd1 Qc5 22. Rd2 Ne4 23. Qxe4 Qxe5 24. Qxe5 Bxe5 25. Rd7 Bxc3 26. bxc3 Rxc3 27.
Rxe7 Kg7 28. Rxb7 Rxc2 29. a3 Rc3 30. a4 Rc4 31. a5 Rc5 32. Kh2 Rxa5 33. Ra7 h5
34. Kg3 Ra3+ 35. f3 Ra2 36. Ra8 g5 37. h4 f6 38. hxg5 fxg5 39. Rc8 a5 40. Rc7+
Kf6 41. Rc6+ Kf7 42. Rc7+ Ke6 43. Rc6+ Kf7 44. Rc7+ 1/2-1/2

[Event "Druzynowe Mistrzostwa Polski - II liga"]
[Site "Dom Wczasowy VIS Jastrzebia Gora"]
[Date "1899-12-30"]
[Round "2.48"]
[White "Dmochowska, Agnieszka"]
[Black "Rejniak, Zuzanna"]
[Result "1-0"]
[WhiteTitle "WFM"]
[BlackTitle "k"]
[WhiteElo "1967"]
[BlackElo "1834"]

1. d4 Nf6 2. c4 e6 3. Nc3 Bb4 4. e3 O-O 5. a3 Bxc3+ 6. bxc3 c5 7. Bd3 d5 8. Ne2
Nc6 9. O-O b6 10. f3 Ba6 11. cxd5 Bxd3 12. Qxd3 exd5 13. e4 c4 14. Qb1 Ne8 15.
Ng3 Nc7 16. Ra2 b5 17. Bf4 Ne6 18. Be3 Rb8 19. f4 Nc7 20. e5 a5 21. Nh5 Qh4 22.
Qd1 b4 23. Bf2 Qe7 24. Qg4 f5 25. exf6 Rxf6 26. Nxf6+ Qxf6 27. axb4 axb4 28. Qd7
b3 29. Rb2 Rb7 30. Re1 Na5 31. Re7 Qf8 32. f5 Ra7 33. Bg3 Nc6 34. Re1 Nb8 35.
Qe7 Qxe7 36. Rxe7 Nba6 37. Bd6 h6 38. Rbe2 Rb7 39. Rb2 Ra7 40. Rbe2 Rb7 41. Ba3
Nb8 42. g4 Nc6 43. Rd7 Ra7 44. Bb2 Kf8 45. h4 Kg8 46. g5 hxg5 47. hxg5 Kf8 48.
f6 gxf6 49. gxf6 Ne8 50. Rxa7 Nxa7 51. Ba3+ Kf7 52. Re7+ Kxf6 53. Rxa7 Kf5 54.
Rf7+ Ke4 55. Re7+ Kd3 56. Rxe8 Kxc3 57. Kf2 Kxd4 58. Re3 c3 59. Bb4 c2 60. Ba3
Kc4 61. Ke2 d4 62. Rd3 Kd5 1-0

[Event "Druzynowe Mistrzostwa Polski - II liga"]
[Site "Dom Wczasowy VIS Jastrzebia Gora"]
[Date "1899-12-30"]
[Round "2.49"]
[White "Szustakowski, Antoni"]
[Black "Marczuk, Dominik"]
[Result "1/2-1/2"]
[WhiteTitle "FM"]
[BlackTitle "FM"]
[WhiteElo "2311"]
[BlackElo "2281"]

1. d4 d5 2. c4 e6 3. Nc3 Nf6 4. Nf3 Be7 5. Bg5 O-O 6. e3 h6 7. Bh4 b6 8. Be2 Bb7
9. Bxf6 Bxf6 10. cxd5 exd5 11. O-O c5 12. dxc5 Bxc3 13. bxc3 bxc5 14. Rb1 Qc7
15. Ne5 Re8 16. Nd3 Nd7 17. Nf4 Nf6 18. Bf3 Red8 19. Qa4 g5 20. Nd3 a5 21. Nxc5
Qxc5 22. Rxb7 Qxc3 23. h3 Rab8 24. Ra7 Ra8 25. Rxa8 Rxa8 26. Rd1 Rc8 27. Qb5 Rc5
28. Qe2 Kg7 29. Qd2 Qxd2 30. Rxd2 Kf8 31. Kf1 Ke7 32. Ke2 Ke6 33. Rb2 Nd7 34.
Kd2 Nf6 35. Ke2 Nd7 36. Kd2 Kd6 37. Be2 Kc7 38. f4 Nf6 39. Kd3 gxf4 40. Kd4 Rc1
41. exf4 Kd6 42. Rb6+ Ke7 43. Rb7+ Ke6 44. g4 Ne4 45. Rb6+ Ke7 46. Bf3 Rc2 47.
Bxe4 dxe4 48. Rxh6 Rxa2 49. Kxe4 a4 50. h4 Re2+ 51. Kd3 Rh2 52. g5 a3 53. h5 a2
54. Ra6 Rxh5 55. Rxa2 Rh1 56. Ra7+ Kf8 57. Ke4 Rb1 58. f5 Rb4+ 59. Ke5 Rb5+ 60.
Kf4 Rb4+ 61. Kf3 Kg8 62. Re7 Ra4 63. Re4 Ra1 64. Kf4 Kg7 65. Kg4 Rg1+ 66. Kh4
Rh1+ 67. Kg3 Rg1+ 68. Kf4 Rf1+ 69. Ke5 Rg1 70. Kf4 Rf1+ 71. Kg4 Rg1+ 72. Kh5 Rh1+
73. Rh4 Rg1 74. Rg4 Rh1+ 75. Rh4 Rg1 76. f6+ Kh7 77. Rh2 Kg8 78. Re2 Rh1+ 79.
Kg4 Rg1+ 80. Kf5 Rf1+ 81. Ke5 Rg1 82. Kd6 Kf8 83. Ra2 Rd1+ 84. Ke5 Re1+ 85. Kf4
Rf1+ 86. Kg3 Kg8 87. Rf2 Ra1 88. Kg4 Rg1+ 89. Kf5 Ra1 90. Rf3 Ra5+ 91. Kg4 Ra1
92. Re3 Rg1+ 93. Kf4 Rf1+ 94. Ke5 Rg1 95. Kd6 Kf8 96. Re5 Rd1+ 97. Rd5 Ra1 98.
Kc7 Rc1+ 99. Kd7 Ra1 100. Kd6 Rc1 101. Rc5 Rd1+ 102. Ke5 Re1+ 103. Kf4 Rf1+ 104.
Ke4 Re1+ 105. Kf3 Kg8 106. Rc7 Rg1 107. Kf4 Rf1+ 108. Ke5 Re1+ 109. Kd6 Rd1+ 110.
Ke7 Re1+ 111. Kd7 Re5 112. Rc8+ Kh7 113. Re8 Rxg5 114. Ke7 Ra5 115. Kxf7 Ra6 116.
Re6 Ra8 117. Re7 Kh6 118. Rb7 Ra1 119. Rc7 Rb1 120. Re7 Rb6 121. Re2 Rb7+ 122.
Kg8 Rb8+ 123. Kf7 Rb7+ 124. Re7 Rb6 125. Re6 Rb8 126. Ra6 Rb7+ 127. Ke6 Kg6 128.
Rd6 Rf7 129. Ke5 Rf8 130. Rc6 Re8+ 131. Re6 Rf8 132. f7+ Kxf7 133. Rf6+ Ke7 134.
Rxf8 Kxf8 135. Ke4 1/2-1/2

[Event "Druzynowe Mistrzostwa Polski - II liga"]
[Site "Dom Wczasowy VIS Jastrzebia Gora"]
[Date "1899-12-30"]
[Round "2.50"]
[White "Chmiel, Marcin"]
[Black "Paprocki, Antoni"]
[Result "1/2-1/2"]
[WhiteTitle "k+"]
[BlackTitle "k"]
[WhiteElo "2188"]
[BlackElo "2074"]

1. d4 Nf6 2. c4 e6 3. Nf3 b6 4. g3 Ba6 5. b3 Bb4+ 6. Bd2 c5 7. Bg2 Bb7 8. O-O Bxd2
9. Qxd2 cxd4 10. Qxd4 O-O 11. Nc3 d5 12. Rfd1 Qe7 13. cxd5 Nxd5 14. Ne5 Nxc3 15.
Qxc3 f6 16. Bxb7 Qxb7 17. Qf3 Qxf3 18. Nxf3 e5 19. Rac1 Na6 20. a3 Rfd8 21. b4
Kf7 22. g4 Ke7 23. Kf1 Rxd1+ 24. Rxd1 Rc8 25. Ke1 Rc4 26. h3 Nc7 27. Kd2 1/2-1/2

[Event "Druzynowe Mistrzostwa Polski - II liga"]
[Site "Dom Wczasowy VIS Jastrzebia Gora"]
[Date "1899-12-30"]
[Round "2.51"]
[White "Skomial, Mateusz"]
[Black "Gbyl, Andrzej"]
[Result "1-0"]
[WhiteTitle "I++"]
[BlackTitle "k+"]
[WhiteElo "2090"]
[BlackElo "2144"]

1. e4 e6 2. d4 d5 3. exd5 exd5 4. Nf3 Bd6 5. c4 Qe7+ 6. Be2 Bb4+ 7. Nc3 Nf6 8.
O-O O-O 9. Bg5 Bxc3 10. bxc3 dxc4 11. Bxc4 Qd6 12. Re1 Bg4 13. Qd3 Nbd7 14. Ne5
Nxe5 15. Rxe5 Rfe8 16. Qg3 Bd7 17. Rd1 b5 18. Rde1 a5 19. Bb3 a4 20. Bxf6 Qxf6
21. Rxe8+ Rxe8 22. Rxe8+ Bxe8 23. Qxc7 Qf5 24. h3 Qc8 25. Qe7 g6 26. Bd5 Qb8 27.
Bb7 b4 28. d5 Bc6 29. cxb4 Bb5 30. d6 Kg7 31. d7 1-0

[Event "Druzynowe Mistrzostwa Polski - II liga"]
[Site "Dom Wczasowy VIS Jastrzebia Gora"]
[Date "1899-12-30"]
[Round "2.52"]
[White "Golda, Sebastian"]
[Black "Kulesza, Andrzej"]
[Result "1/2-1/2"]
[WhiteTitle "k"]
[BlackTitle "I++"]
[WhiteElo "2105"]
[BlackElo "2014"]

1. e4 c5 2. Ne2 Nf6 3. Nbc3 d5 4. exd5 Nxd5 5. Nxd5 Qxd5 6. Nc3 Qd8 7. Bc4 e6 8.
O-O Be7 9. Ne4 Nd7 10. d4 cxd4 11. Qxd4 O-O 12. Qe3 Nf6 13. Bd3 Qc7 14. Bd2 Bd7
15. Qh3 Nxe4 16. Bxe4 f5 17. Bd3 e5 18. c3 Rad8 19. Rad1 1/2-1/2

[Event "Druzynowe Mistrzostwa Polski - II liga"]
[Site "Dom Wczasowy VIS Jastrzebia Gora"]
[Date "1899-12-30"]
[Round "2.53"]
[White "Marciniak, Leonard"]
[Black "Owoc, Jakub"]
[Result "0-1"]
[WhiteTitle "I+"]
[BlackTitle "I"]
[WhiteElo "1811"]
[BlackElo "1738"]

1. d4 Nf6 2. c4 g6 3. Nc3 Bg7 4. g3 O-O 5. Bg2 d6 6. Nf3 c5 7. dxc5 dxc5 8. Qxd8
Rxd8 9. Be3 Nc6 10. Bxc5 Be6 11. Rc1 Bxc4 12. Nd2 Bd5 13. e4 Be6 14. f4 Rac8 15.
Nb3 b6 16. Ba3 Ng4 17. Nd5 Bxd5 18. exd5 Nd4 19. Rxc8 Rxc8 20. Nxd4 Bxd4 21. Kd2
Bc5 22. Bf3 Nf6 23. b4 Bd6 24. Rb1 b5 25. Rb3 Rc4 0-1

[Event "Druzynowe Mistrzostwa Polski - II liga"]
[Site "Dom Wczasowy VIS Jastrzebia Gora"]
[Date "1899-12-30"]
[Round "2.54"]
[White "Jedrocha, Katarzyna"]
[Black "Budkiewicz, Magdalena"]
[Result "1/2-1/2"]
[WhiteTitle "k"]
[BlackTitle "k+"]
[WhiteElo "1978"]
[BlackElo "1786"]

1. e4 e5 2. Nf3 Nc6 3. Bc4 Nf6 4. O-O Bc5 5. d3 d6 6. c3 O-O 7. Re1 h6 8. Bb3 Bb6
9. Be3 Bg4 10. Nbd2 Re8 11. Nf1 d5 12. Bxb6 axb6 13. h3 Be6 14. Ng3 dxe4 15. dxe4
Qxd1 16. Rexd1 Bxb3 17. axb3 Red8 18. Rxd8+ Rxd8 19. b4 b5 20. Kf1 g6 21. Ke2
Kf8 22. Ne1 Ke7 23. f3 Ke6 24. Nd3 b6 25. b3 Ne8 26. f4 1/2-1/2

[Event "Druzynowe Mistrzostwa Polski - II liga"]
[Site "Dom Wczasowy VIS Jastrzebia Gora"]
[Date "1899-12-30"]
[Round "2.55"]
[White "Sapis, Witalis"]
[Black "Panek, Bartosz"]
[Result "1/2-1/2"]
[WhiteTitle "IM"]
[BlackTitle "k"]
[WhiteElo "2378"]
[BlackElo "2179"]

1. d4 Nf6 2. c4 e6 3. Nc3 d5 4. cxd5 Nxd5 5. e4 Nxc3 6. bxc3 c5 7. Nf3 cxd4 8.
cxd4 Bb4+ 9. Bd2 Bxd2+ 10. Qxd2 O-O 11. Bc4 Nd7 12. O-O b6 1/2-1/2

[Event "Druzynowe Mistrzostwa Polski - II liga"]
[Site "Dom Wczasowy VIS Jastrzebia Gora"]
[Date "1899-12-30"]
[Round "2.57"]
[White "Wacior, Maciej"]
[Black "Samborski, Henryk"]
[Result "1/2-1/2"]
[WhiteTitle "k"]
[BlackTitle "k"]
[WhiteElo "2151"]
[BlackElo "2021"]

1. d4 Nf6 2. Bf4 g6 3. Nf3 Bg7 4. e3 d6 5. h3 O-O 6. Bc4 c5 7. c3 Qb6 8. Qb3 Nc6
9. Ng5 d5 10. Be2 c4 11. Qc2 Bf5 12. Qc1 h6 13. Nf3 g5 14. Bh2 a5 15. O-O a4 16.
g4 Bg6 17. Ne5 Nxe5 18. Bxe5 Ne4 19. f3 1/2-1/2

[Event "Druzynowe Mistrzostwa Polski - II liga"]
[Site "Dom Wczasowy VIS Jastrzebia Gora"]
[Date "1899-12-30"]
[Round "2.58"]
[White "Radecki, Adam"]
[Black "Gosciniak, Maria"]
[Result "1-0"]
[WhiteTitle "I+"]
[BlackTitle "WFM"]
[WhiteElo "1989"]
[BlackElo "2094"]

1. e4 d5 2. exd5 Nf6 3. d4 Nxd5 4. Nf3 g6 5. h3 Bg7 6. c3 O-O 7. Bc4 Nc6 8. O-O
Nb6 9. Bb3 e5 10. Bg5 Qd7 11. dxe5 Nxe5 12. Nxe5 Bxe5 13. Nd2 Qf5 14. Nf3 Bg7
15. Be7 Re8 16. Re1 Be6 17. Bxe6 fxe6 18. Bh4 e5 19. Ng5 h6 20. Qb3+ Kh8 21. Ne4
a5 22. Rad1 a4 23. Qb5 a3 24. b3 Qe6 25. c4 Qc6 26. Qxc6 bxc6 27. Bf6 Kg8 28.
Bxg7 Kxg7 29. f3 Re7 30. Nc5 Rae8 31. Re4 Kf6 32. Kf2 Ra8 33. Ree1 Kf7 34. Nd3
Re6 35. Nxe5+ Kg7 36. c5 Rxe5 37. Rxe5 Nd5 38. Rdxd5 cxd5 39. Rxd5 Kf6 40. Rd7
Rc8 41. Ke3 Ke5 42. Rd4 Ra8 43. f4+ Ke6 44. Ke4 Ra5 45. b4 Rb5 46. g4 Rb8 47.
Kd3 h5 48. Kc4 hxg4 49. hxg4 Rh8 50. Rd3 Rh4 51. Rg3 c6 52. b5 cxb5+ 53. Kxb5
Kd7 54. Kb6 Rh2 55. Rd3+ Kc8 56. Rxa3 Kd7 1-0

[Event "Druzynowe Mistrzostwa Polski - II liga"]
[Site "Dom Wczasowy VIS Jastrzebia Gora"]
[Date "1899-12-30"]
[Round "2.59"]
[White "Jedruszek, Krzysztof"]
[Black "Kubik, Rafal"]
[Result "1/2-1/2"]
[WhiteTitle "I"]
[BlackTitle "I++"]
[WhiteElo "2017"]
[BlackElo "2023"]

1. d4 Nf6 2. c4 g6 3. Nc3 d5 4. Nf3 Bg7 5. Qb3 dxc4 6. Qxc4 O-O 7. e4 a6 8. Be2
b5 9. Qb3 c5 10. dxc5 Nbd7 11. Be3 Bb7 12. O-O Nxe4 1/2-1/2

[Event "Druzynowe Mistrzostwa Polski - II liga"]
[Site "Dom Wczasowy VIS Jastrzebia Gora"]
[Date "1899-12-30"]
[Round "2.60"]
[White "Stebel, Agata"]
[Black "Adamowicz, Katarzyna"]
[Result "0-1"]
[WhiteTitle "k"]
[BlackTitle "WFM"]
[WhiteElo "1885"]
[BlackElo "2088"]

1. e4 e5 2. Nf3 Nc6 3. Nc3 g6 4. d4 exd4 5. Nd5 h6 6. Nxd4 a6 7. Be3 Bg7 8. Qd2
Nf6 9. f3 Nxd5 10. exd5 Nxd4 11. Bxd4 Qh4+ 12. Bf2 Qe7+ 13. Be2 Bxb2 14. Rb1 Be5
15. f4 Bd6 16. O-O O-O 17. Rbe1 c5 18. f5 Kh7 19. f6 Qd8 20. Be3 Rh8 21. Bxh6
Kg8 22. Qg5 Bxh2+ 23. Kxh2 Qf8 24. Bd3 Qxh6+ 25. Qxh6 Rxh6+ 26. Kg3 Kf8 27. Re7
d6 28. Rfe1 Bf5 29. Rxb7 Bxd3 30. Ree7 Bc4 31. Rxf7+ Kg8 32. Rg7+ Kh8 33. Kf4
Bxd5 34. Rbd7 Rf8 35. Kg5 Rh2 36. Kxg6 Rxg2+ 37. Kh5 Rxf6 38. Rxg2 Bxg2 0-1

[Event "Druzynowe Mistrzostwa Polski - II liga"]
[Site "Dom Wczasowy VIS Jastrzebia Gora"]
[Date "1899-12-30"]
[Round "2.61"]
[White "Zebracki, Tomasz"]
[Black "Gnojek, Petr"]
[Result "0-1"]
[WhiteTitle "k+"]
[BlackTitle "FM"]
[WhiteElo "2209"]
[BlackElo "2335"]

1. d4 f5 2. Bg5 Nf6 3. Nc3 d5 4. Bxf6 exf6 5. g3 c6 6. Bg2 Be6 7. Nf3 Bd6 8. e3
Nd7 9. O-O Qe7 10. b3 g5 11. Ne2 h5 12. h4 O-O-O 13. Qd3 Rdg8 14. Kh1 f4 15. exf4
gxf4 16. Nxf4 Bxf4 17. gxf4 Bg4 18. Rae1 Qd6 19. Qe3 Bf5 20. Nh2 Bxc2 21. Bh3
f5 22. Qd2 Be4+ 23. f3 Rg3 24. Bg2 Rhg8 25. Rg1 Qf6 26. fxe4 fxe4 27. Bh3 Qxh4
28. Be6 e3 29. Qe2 R8g6 30. f5 Qe4+ 31. Nf3 Rh3+ 0-1

[Event "Druzynowe Mistrzostwa Polski - II liga"]
[Site "Dom Wczasowy VIS Jastrzebia Gora"]
[Date "1899-12-30"]
[Round "2.62"]
[White "Paseka, Matyas"]
[Black "Borgula, Rafal"]
[Result "1/2-1/2"]
[WhiteTitle ""]
[BlackTitle "FM"]
[WhiteElo "2244"]
[BlackElo "2201"]

1. e4 c5 2. Nf3 a6 3. Nc3 d6 4. d4 cxd4 5. Nxd4 e5 6. Nb3 Nf6 7. Be3 Be6 8. f3
Nc6 9. Nd5 Bxd5 10. exd5 Ne7 11. c4 g6 12. Bd3 Bg7 13. O-O O-O 14. Qd2 Nd7 15.
Rac1 b6 16. Rfe1 a5 17. Bf2 Nc5 18. Nxc5 bxc5 19. b3 f5 20. a3 Rb8 21. Rb1 Qc7
22. Rec1 Kh8 23. Rc2 Ng8 24. b4 axb4 25. axb4 Rxb4 26. Rxb4 cxb4 27. Qxb4 Rb8
28. Qa3 Nf6 29. Ra2 e4 30. Bf1 exf3 31. gxf3 Nd7 32. Qa7 Qxa7 33. Rxa7 Rd8 34.
Rc7 Bf6 35. Kg2 Kg8 36. f4 1/2-1/2